BIG TEN Football Teams by Color - Statistics

General Stats
  • This quiz has been taken 95 times
  • The average score is 13 of 18
Answer Stats
Picture Answer % Correct
Ohio State
87%
Michigan
86%
UCLA
86%
Michigan State
81%
Oregon
81%
Purdue
81%
Illinois
78%
Washington
78%
Northwestern
77%
USC
75%
Iowa
72%
Minnesota
70%
Indiana
67%
Maryland
67%
Penn State
65%
Rutgers
59%
Wisconsin
58%
Nebraska
57%
No matching quizzes found
Score Distribution
Percent of People with Each Score
Percentile by Number Answered
Your Score History
You have not taken this quiz